000 00719nam a2200241Ia 4500
003 OSt
005 20220925204857.0
006 a|||||r|||| 00| 0
007 ta
008 220923b |||||||| |||| 00| 0 eng d
037 _cGeneral Book
040 _aRTL
_cRTL
_beng
041 _2eng
_aeng
082 _aX:77.6.N6, K6
100 _aMiddleton John
_919089
245 0 _aEffects of economic development on traditional pol
260 _aHague
_bMouton
_c1966
300 _axi, 95p.
_ccm.
490 _aConfluence : Survey of research in the social sciences, 6.
650 _aEconomic Development
_917300
942 _hX:77.6.N6, K6
_cGB
_2CC
999 _c550650
_d550650